00481nam a2200193Ia 4500003000400000005001700004008004100021020001500062040000700077041000800084082002200092100003100114245003800145250000600183260004800189300001200237365001300249650002500262OSt20230517110458.0210423s1986 xx 000 0 und d a8123909438 cAL aeng a543.08 223bWILH aWILLARD (Hobart H);others. aInstrumental methods of analysis. a7 aNew DelhibCambridge University Pressc1986 axxi,895 b370cINR aAnalytical Chemistry